[Event "Michigan Open Reserve"]
[Site "Flint, MI"]
[Date "1998.??.??"]
[Round "?"]
[White "Plummer, L."]
[Black "Pascoe, Bramwell"]
[Result "1/2-1/2"]
[WhiteElo "1605"]
[BlackElo "1605"]
[PlyCount "93"]
[EventDate "1998.09.??"]

1. e4 e5 2. Nf3 Nc6 3. Bb5 a6 4. Bxc6 dxc6 5. d3 Bd6 6. O-O Bg4 7. h3 h5 8.
hxg4 hxg4 9. Ng5 Nf6 10. f3 Bc5+ 11. Rf2 Bxf2+ 12. Kxf2 Qd4+ 13. Ke2 gxf3+ 14.
Nxf3 Qb6 15. Nxe5 Rh2 16. Qf1 O-O-O 17. Nxf7 Re8 18. Nc3 Nd5 19. Nxd5 cxd5 20.
Qf5+ Re6 21. Nd6+ Qxd6 22. Bf4 Rxg2+ 23. Kf3 Qxf4+ 24. Kxf4 Rf2+ 25. Kg5 Rxf5+
26. Kxf5 Rb6 27. Rg1 dxe4 28. dxe4 Rxb2 29. Rxg7 b6 30. e5 Rxc2 31. e6 Rf2+ 32.
Ke5 Re2+ 33. Kf6 c5 34. e7 Kd7 35. e8=Q+ Kxe8 36. Ra7 Rxa2 37. Ke6 Re2+ 38. Kd6
c4 39. Rxa6 Kf7 40. Kd5 c3 41. Rxb6 c2 42. Rc6 Ke7 43. Kd4 Kd7 44. Rc4 Kd6 45.
Kd3 Kd5 46. Rxc2 Rxc2 47. Kxc2 1/2-1/2

[Event "Michigan Open Reserve"]
[Site "Flint, MI"]
[Date "1998.??.??"]
[Round "?"]
[White "Plummer, L."]
[Black "Carpenter, O."]
[Result "1-0"]
[WhiteElo "1605"]
[BlackElo "1605"]
[PlyCount "116"]
[EventDate "1998.09.??"]

1. e4 c5 2. Nf3 Nc6 3. Bb5 Nf6 4. Bxc6 dxc6 5. d3 g6 6. Be3 Bg7 7. Nc3 b6 8. h3
O-O 9. Qd2 Re8 10. Bh6 Bh8 11. Ng5 Qc7 12. Qe3 e5 13. O-O Nh5 14. g3 Ng7 15. f4
f6 16. h4 fxg5 17. fxg5 Ne6 18. Qf3 Bg7 19. Rf2 Bxh6 20. gxh6 Qe7 21. Raf1 Bd7
22. Qf7+ Kh8 23. Qxe7 Rxe7 24. Rf3 Kg8 25. a4 a5 26. b3 Nd4 27. R3f2 Bh3 28.
Re1 Rf8 29. Rxf8+ Kxf8 30. Rc1 Rf7 31. Kh2 Bg4 32. Kg1 b5 33. axb5 cxb5 34. Rf1
Ne2+ 35. Nxe2 Bxe2 36. Rxf7+ Kxf7 37. Kf2 Bd1 38. c3 b4 39. Ke3 Bxb3 40. g4 a4
41. Kd2 a3 42. Kc1 Ba2 43. g5 b3 44. Kd2 b2 45. Ke3 b1=Q 46. Ke2 Bb3 47. Ke3
Qe1+ 48. Kf3 Bd1+ 49. Kg2 Qe2+ 50. Kg3 Qf3+ 51. Kh2 Qg4 52. d4 exd4 53. e5 Qe2+
54. Kg3 Qxe5+ 55. Kg2 Qe2+ 56. Kg1 a2 57. Kh1 a1=Q 58. Kg1 Bb3# 1-0

[Event "Michigan Beginners"]
[Site "Grand Rapids, MI"]
[Date "1998.??.??"]
[Round "?"]
[White "Pleasant, Andrew"]
[Black "Sanborn, Russell"]
[Result "1-0"]
[WhiteElo "1605"]
[BlackElo "1605"]
[PlyCount "88"]
[EventDate "1998.01.??"]

1. d4 d6 2. Nc3 Nc6 3. Nf3 Nf6 4. e3 Bg4 5. Bb5 Bxf3 6. Qxf3 e5 7. Bxc6+ bxc6
8. Qxc6+ Nd7 9. Nd5 Rc8 10. O-O Be7 11. Bd2 O-O 12. Ba5 Nb8 13. Qc4 Qd7 14.
Bxc7 Nc6 15. Nxe7+ Nxe7 16. dxe5 Rxc7 17. Qd4 dxe5 18. Qxe5 Rxc2 19. Rfd1 Rfc8
20. Rxd7 Rc1+ 21. Rd1 Rxa1 22. Rxa1 Ng6 23. Qd4 h6 24. Qxa7 Ne5 25. g3 Nd3 26.
Qb7 Rc2 27. Qe4 Rd2 28. Qd4 f6 29. a4 Ne5 30. Qxd2 Nf3+ 31. Kg2 Nxd2 32. a5 Nc4
33. b4 Kf7 34. a6 Nb6 35. a7 Ke7 36. a8=Q Nxa8 37. Rxa8 Kf7 38. Rd8 Kg6 39. b5
Kh5 40. b6 g5 41. b7 f5 42. b8=Q g4 43. Qf4 Kg6 44. Qd6+ Kf7 1-0

[Event "Michigan Beginners"]
[Site "Grand Rapids, MI"]
[Date "1998.??.??"]
[Round "?"]
[White "Pleasant, Andrew"]
[Black "Johnson, Donta"]
[Result "1/2-1/2"]
[WhiteElo "1605"]
[BlackElo "1605"]
[PlyCount "91"]
[EventDate "1998.01.??"]

1. d4 Nf6 2. c4 e6 3. Nc3 Bb4 4. Nf3 O-O 5. Bg5 c5 6. dxc5 Bxc3+ 7. bxc3 h6 8.
Bh4 Na6 9. e4 g5 10. Nxg5 Nxe4 11. Nxe4 Qxh4 12. Bd3 f5 13. Nd6 Nxc5 14. O-O
Rf6 15. Qe1 Rg6 16. Qe3 Qg4 17. g3 Nxd3 18. Qxd3 f4 19. f3 Qh5 20. g4 Qc5+ 21.
Rf2 Rg7 22. Ne8 Rg5 23. Nf6+ Kf7 24. Ne4 Qe7 25. Nxg5+ hxg5 26. Qh7+ Kf6 27.
Qxe7+ Kxe7 28. Re2 b6 29. Re5 Kf6 30. Rae1 Ba6 31. h4 gxh4 32. Rh5 Bxc4 33.
Rxh4 Bxa2 34. Re4 e5 35. Rh5 d6 36. Rh6+ Ke7 37. Rh7+ Kf6 38. Rh6+ Ke7 39. Re2
Bd5 40. Kf2 a5 41. Rd2 Be6 42. Rh7+ Bf7 43. Rh6 Be6 44. Rh7+ Bf7 45. Rh6 Be6
46. Rh7+ 1/2-1/2

[Event "Lansing Mini-Swiss.1"]
[Site "Lansing, MI"]
[Date "1998.??.??"]
[Round "?"]
[White "Pirochta, T."]
[Black "Sobocinski, Mike"]
[Result "1/2-1/2"]
[WhiteElo "1800"]
[BlackElo "2015"]
[PlyCount "72"]
[EventDate "1998.??.??"]

1. e4 c6 2. d4 d5 3. Nc3 dxe4 4. Nxe4 Bf5 5. Ng3 Bg6 6. Nf3 Nd7 7. Bd3 Ngf6 8.
O-O Qc7 9. Re1 e6 10. Ne5 Bd6 11. Nxg6 hxg6 12. c4 O-O-O 13. Be3 Rh7 14. Qf3
Rdh8 15. h3 c5 16. Ne4 Nxe4 17. Bxe4 cxd4 18. Bxd4 e5 19. c5 exd4 20. cxd6 Qxd6
21. Bxb7+ Kb8 22. Qc6 Qxc6 23. Bxc6 Nf6 24. Re7 Rc8 25. Bf3 Rc7 26. Rxc7 Kxc7
27. Rd1 Rh4 28. g3 Rxh3 29. Rxd4 a5 30. Kg2 Rh8 31. Ra4 Kb6 32. b4 axb4 33.
Rxb4+ Ka5 34. Rb7 Rf8 35. Ra7+ Kb6 36. Rb7+ Ka6 1/2-1/2

[Event "Michigan Amateur"]
[Site "Kalamazoo "]
[Date "1998.??.??"]
[Round "?"]
[White "Phillips, T."]
[Black "Skidmore, Mike"]
[Result "1/2-1/2"]
[WhiteElo "1605"]
[BlackElo "1895"]
[PlyCount "92"]
[EventDate "1998.07.??"]

{7/18} 1. d4 c6 2. Nf3 d5 3. Bg5 Nd7 4. e3 Ngf6 5. Nbd2 e6 6. a3 Be7 7. b4 Nf8
8. c4 Ng6 9. c5 a6 10. Bxf6 Bxf6 11. Bd3 Nf8 12. Ne5 Qc7 13. Ndf3 Nd7 14. Nxd7
Bxd7 15. O-O O-O 16. Be2 Rfe8 17. Re1 e5 18. dxe5 Bxe5 19. Nxe5 Rxe5 20. Bf3
Rae8 21. Qd4 Bf5 22. Qf4 Qd7 23. Red1 Qe6 24. Rd4 Qf6 25. g4 g5 26. Qg3 Be4 27.
Bxe4 Rxe4 28. Rad1 Kg7 29. h3 Qe5 30. Kg2 Qf6 31. Qf3 Qg6 32. Qe2 f5 33. Rxe4
fxe4 34. Rd4 Rf8 35. a4 h6 36. b5 axb5 37. axb5 Rf3 38. bxc6 bxc6 39. Qa6 Qf7
40. Rd2 h5 41. Qxc6 hxg4 42. hxg4 Rf6 43. Qxd5 Rxf2+ 44. Kg1 Rf1+ 45. Kh2 Rf2+
46. Kg1 Rf1+ 1/2-1/2

[Event "Michigan Amateur"]
[Site "Kalamazoo "]
[Date "1998.??.??"]
[Round "?"]
[White "Phillips, T."]
[Black "Jendras, Gerard"]
[Result "1-0"]
[WhiteElo "1605"]
[BlackElo "1915"]
[PlyCount "83"]
[EventDate "1998.07.??"]

{7/19} 1. d4 Nf6 2. Nf3 c5 3. c3 g6 4. Bg5 Ne4 5. Bf4 Bg7 6. Nbd2 d5 7. e3 O-O
8. Nxe4 dxe4 9. Ng5 cxd4 10. exd4 Bf5 11. Bc4 h6 12. Nxf7 Rxf7 13. Bxf7+ Kxf7
14. Qb3+ Be6 15. Qxb7 Bd5 16. Qb4 e5 17. dxe5 Bf8 18. Qd4 Nc6 19. Qe3 g5 20.
Bg3 h5 21. h4 g4 22. O-O Qe7 23. Rfd1 Qe6 24. Qg5 Be7 25. Qf4+ Kg6 26. c4 Bxc4
27. Qxe4+ Kg7 28. Rac1 Rd8 29. Rxd8 Nxd8 30. Qxc4 Kf7 31. Qxe6+ Nxe6 32. Rc6
Bc5 33. Kf1 Ke7 34. f4 gxf3 35. gxf3 Kd7 36. Ra6 Bb6 37. f4 Nc5 38. Ra3 Ne4 39.
Rd3+ Ke6 40. Ke2 Kf5 41. Kf3 Ba5 42. e6 1-0

[Event "U.S. Amateur North"]
[Site "Detroit, MI"]
[Date "1998.??.??"]
[Round "?"]
[White "Perry, Marc"]
[Black "Thompson, Shereece"]
[Result "1-0"]
[WhiteElo "1605"]
[BlackElo "1605"]
[PlyCount "89"]
[EventDate "1998.05.??"]

{5/23} 1. e4 e5 2. Nf3 Nc6 3. Nc3 Nf6 4. Bb5 a6 5. Bxc6 bxc6 6. Nxe5 Qe7 7. Ng4
Bb7 8. O-O d6 9. Nxf6+ Qxf6 10. d3 c5 11. Nd5 Bxd5 12. exd5 Qd4 13. Qe2+ Be7
14. Re1 Qf6 15. c3 O-O 16. Qxe7 Qg6 17. d4 h6 18. dxc5 dxc5 19. Qxc5 Rac8 20.
Qa5 Rfe8 21. Rxe8+ Rxe8 22. g3 Qd6 23. Be3 Rc8 24. Rd1 Qe5 25. Qxa6 Rd8 26. Qb7
Rd6 27. Qb8+ Kh7 28. Qxc7 Rxd5 29. Qxe5 Rxe5 30. Bd4 Ra5 31. a3 Rb5 32. b4 Rb8
33. Be5 Rb5 34. Bf4 Kg6 35. Rd6+ f6 36. c4 Rf5 37. c5 Kh5 38. h3 g5 39. g4+ Kh4
40. Bxg5+ Rxg5 41. c6 Rb5 42. Rd8 Kxh3 43. c7 Kxg4 44. c8=Q+ Kh4 45. Rg8 1-0

[Event "U.S. Amateur North"]
[Site "Detroit, MI"]
[Date "1998.??.??"]
[Round "?"]
[White "Perry, Marc"]
[Black "Mahaffy, Mike"]
[Result "0-1"]
[WhiteElo "1605"]
[BlackElo "1605"]
[PlyCount "86"]
[EventDate "1998.05.??"]

{5/24} 1. e4 c5 2. Nf3 d6 3. Nc3 Nc6 4. Bc4 g6 5. Ng5 e6 6. d3 Bg7 7. Qf3 Nf6
8. O-O Nd4 9. Qd1 a6 10. Be3 O-O 11. Bxd4 cxd4 12. Ne2 Qa5 13. Nxd4 Qxg5 14.
Nf3 Qc5 15. d4 Qxc4 16. e5 dxe5 17. dxe5 Nd7 18. b3 Qc5 19. Re1 Nxe5 20. Ng5
Nc6 21. Qg4 Bh6 22. Ne4 Qf5 23. Qxf5 exf5 24. Nf6+ Kg7 25. Nd5 Nd4 26. Rac1
Bxc1 27. Rxc1 Ne2+ 28. Kh1 Nxc1 29. Nc3 Rd8 30. g3 Rb8 31. a4 Rd2 32. Nd5 Kf8
33. Nf6 Rxf2 34. Nxh7+ Kg7 35. Ng5 Rxc2 36. Nf3 Nxb3 37. Ne1 Rc1 38. Kg2 Rxe1
39. Kh3 Re2 40. g4 fxg4+ 41. Kg3 Bf5 42. h4 gxh3 43. Kf4 h2 0-1

[Event "Michigan Amateur"]
[Site "Kalamazoo "]
[Date "1998.??.??"]
[Round "?"]
[White "Pecot, Dave"]
[Black "Semerciyan, Mike"]
[Result "0-1"]
[WhiteElo "1605"]
[BlackElo "1870"]
[PlyCount "72"]
[EventDate "1998.07.??"]

{7/18} 1. e4 e5 2. f4 exf4 3. Nf3 g5 4. h4 g4 5. Ne5 h5 6. Bc4 Nh6 7. d4 d6 8.
Nd3 Be7 9. Bxf4 Be6 10. Bb3 Bxb3 11. axb3 Ng8 12. g3 Nd7 13. Qe2 Nf8 14. c3 c6
15. Nd2 a6 16. Rf1 Rh7 17. e5 d5 18. Rf2 Ne6 19. Nf1 Rc8 20. Qc2 Rh8 21. Ne3 c5
22. dxc5 Rxc5 23. Nxc5 Bxc5 24. b4 Bb6 25. c4 Bxe3 26. Bxe3 d4 27. Rd1 Qc7 28.
Bxd4 Ne7 29. Qc3 Ng6 30. Re2 Ke7 31. c5 Rd8 32. Red2 Rxd4 33. Rxd4 Qxe5+ 34.
Kf1 Qf5+ 35. Kg2 Nxd4 36. Qxd4 Ne5 {[Remainder illegible]} 0-1

[Event "Michigan Amateur"]
[Site "Kalamazoo "]
[Date "1998.??.??"]
[Round "?"]
[White "Paul, Dennis"]
[Black "Vandivier, Don"]
[Result "0-1"]
[WhiteElo "1605"]
[BlackElo "1880"]
[PlyCount "102"]
[EventDate "1998.07.??"]

{7/18} 1. c4 g6 2. d4 Nf6 3. Nf3 Bg7 4. Nc3 d5 5. e3 O-O 6. Bd3 dxc4 7. Bxc4 c5
8. O-O cxd4 9. Nxd4 a6 10. a3 Qc7 11. Ba2 Rd8 12. Qb3 e5 13. Nf3 Be6 14. Qc2
Bxa2 15. Rxa2 Nc6 16. Nd2 Rac8 17. Qb1 b5 18. b4 Nxb4 19. axb4 Qxc3 20. e4 Bh6
21. Ra3 Qd4 22. Nf3 Bxc1 23. Nxd4 Bxa3 24. Nf3 Rc4 25. Nxe5 Rxe4 26. f4 Bxb4
27. Qb3 Bc5+ 28. Kh1 Rd5 29. Rd1 Rxf4 30. g3 Rb4 31. Qc2 Rxe5 32. Rd8+ Kg7 33.
Rc8 Rbe4 34. Qc3 Re1+ 35. Kg2 Rg1+ 36. Kf3 Re3+ 37. Qxe3 Bxe3 38. Kxe3 Ng4+ 39.
Kd4 Nxh2 40. Rc3 b4 41. Rb3 a5 42. Kc4 Rc1+ 43. Kb5 Rc3 44. Rb2 Rxg3 45. Rxh2
Ra3 46. Rb2 b3 47. Kc5 a4 48. Kb4 Ra2 49. Rb1 b2 50. Kc3 a3 51. Kc2 Ra1 0-1

[Event "Michigan Amateur"]
[Site "Kalamazoo "]
[Date "1998.??.??"]
[Round "?"]
[White "Paul, Dennis"]
[Black "Mandell, S."]
[Result "1/2-1/2"]
[WhiteElo "1605"]
[BlackElo "1605"]
[PlyCount "61"]
[EventDate "1998.07.??"]

{7/19} 1. c4 e5 2. Nf3 Nc6 3. d4 Bb4+ 4. Nc3 d6 5. d5 Na5 6. Bd2 Nxc4 7. Qb3
Bxc3 8. Bxc3 Nb6 9. e4 Bg4 10. Be2 Nf6 11. O-O Nxe4 12. Bb5+ Bd7 13. Bxd7+ Qxd7
14. Ba5 Nc5 15. Qc2 Qa4 16. Qxa4+ Ncxa4 17. b3 Nb2 18. Bxb6 axb6 19. a4 Nd3 20.
Rfd1 e4 21. Nd4 O-O 22. Nb5 Rfc8 23. Ra2 Nb4 24. Rad2 Nd3 25. f3 f5 26. fxe4
fxe4 27. Re2 Nc5 28. Re3 h6 29. h4 Kh7 30. h5 g6 31. hxg6+ 1/2-1/2

[Event "Michigan Class D/E"]
[Site "Grand Rapids, MI"]
[Date "1998.??.??"]
[Round "?"]
[White "Paul, Dennis"]
[Black "Dolin, Jack"]
[Result "0-1"]
[WhiteElo "1605"]
[BlackElo "1605"]
[PlyCount "112"]
[EventDate "1998.01.??"]

1. e4 e6 2. Bb5 c6 3. Ba4 d5 4. e5 Nd7 5. d4 Qa5+ 6. c3 f6 7. f4 Nh6 8. Bc2 c5
9. Qh5+ g6 10. Qh3 Qb6 11. Nf3 cxd4 12. Nxd4 Nf5 13. Nxf5 exf5 14. exf6 Nxf6
15. Qe3+ Qxe3+ 16. Bxe3 Kf7 17. Bd4 Bd6 18. O-O Re8 19. Bd3 Bd7 20. Nd2 Ne4 21.
Nf3 Bxf4 22. g3 Bd6 23. Rae1 Bc5 24. Re2 Bxd4+ 25. Nxd4 Nd6 26. g4 Rxe2 27.
Bxe2 Re8 28. gxf5 Nxf5 29. Bb5 Bxb5 30. Nxb5 Ke7 31. Re1+ Kd7 32. Rxe8 Kxe8 33.
Nxa7 Nd6 34. b3 Kd7 35. Kf1 Kc7 36. a4 Kb6 37. Nb5 Nxb5 38. axb5 Kxb5 39. Ke2
Kc5 40. Ke3 b5 41. Kd3 h5 42. h4 Kd6 43. Kd4 Kc6 44. Ke3 Kc5 45. Kd3 Kd6 46.
Kd4 Ke6 47. Kc5 g5 48. Kxb5 g4 49. Kc6 g3 50. b4 g2 51. b5 g1=Q 52. b6 Qg8 53.
Kb7 Qf7+ 54. Ka6 Kd6 55. b7 Qc7 56. b8=Q Qxb8 0-1

[Event "Michigan Class D/E"]
[Site "Grand Rapids, MI"]
[Date "1998.??.??"]
[Round "?"]
[White "Paul, Dennis"]
[Black "Delong, Jason"]
[Result "0-1"]
[WhiteElo "1605"]
[BlackElo "1605"]
[PlyCount "48"]
[EventDate "1998.01.??"]

1. e4 d5 2. exd5 Qxd5 3. Nc3 Qd8 4. Bc4 e6 5. a3 Nf6 6. Nf3 Bc5 7. b4 Bb6 8.
Na4 Bd4 9. c3 Nc6 10. cxd4 Nxd4 11. Bb2 Nf5 12. Bb3 b6 13. O-O Nd7 14. Qc2 O-O
15. Qc6 Rb8 16. Qc3 b5 17. Nc5 Nxc5 18. Qxc5 Bb7 19. Qxa7 Bxf3 20. Be5 Qg5 21.
g3 Qg4 22. Bd1 Nh4 23. Qd4 Qh3 24. Bxf3 Nxf3+ 0-1

[Event "Michigan Open Reserve"]
[Site "Flint, MI"]
[Date "1998.??.??"]
[Round "?"]
[White "Paul, Dennis"]
[Black "Crann, Bill"]
[Result "1-0"]
[WhiteElo "1605"]
[BlackElo "1605"]
[PlyCount "69"]
[EventDate "1998.09.??"]

1. d4 Nf6 2. g3 b6 3. Bg2 d5 4. c4 e6 5. Nc3 Be7 6. a3 Bb7 7. Bf4 O-O 8. Nb5
Na6 9. Qc2 c6 10. Nc3 Bd6 11. Bg5 Nc7 12. e4 c5 13. e5 Be7 14. exf6 Bxf6 15.
Bxf6 Qxf6 16. dxc5 bxc5 17. Nge2 Rad8 18. O-O Qe5 19. Nf4 Ba6 20. Rfe1 Qd4 21.
Rad1 Qxc4 22. Bf1 Qxf1+ 23. Rxf1 Bxf1 24. Rxf1 Rb8 25. Na4 c4 26. Nc5 Rfd8 27.
Qc3 Rb5 28. Nh5 f6 29. b4 cxb3 30. Nxb3 Rd7 31. Qc6 Rf7 32. Nd4 Rb6 33. Qc5 Ra6
34. Rb1 g6 35. Rb8+ 1-0

[Event "Michigan Open Reserve"]
[Site "Flint, MI"]
[Date "1998.??.??"]
[Round "?"]
[White "Paul, Dennis"]
[Black "Cowans, Winston"]
[Result "0-1"]
[WhiteElo "1605"]
[BlackElo "1605"]
[PlyCount "83"]
[EventDate "1998.09.??"]

1. d4 d6 2. e4 Nf6 3. Nc3 g6 4. Nf3 Bg7 5. Bc4 O-O 6. O-O Bg4 7. h3 Bxf3 8.
Qxf3 c6 9. e5 Ne8 10. Bf4 Nc7 11. Qe3 d5 12. Be2 Ne6 13. Bg3 Qb6 14. Na4 Qxd4
15. Qxd4 Nxd4 16. Bd3 Ne6 17. f4 d4 18. b4 b5 19. Nb2 Nd7 20. a4 a6 21. Be4
Rac8 22. axb5 axb5 23. Rfd1 c5 24. c3 dxc3 25. Rxd7 cxb2 26. Rb1 cxb4 27. Rxb2
Rc1+ 28. Kf2 Rc4 29. Rxe7 Rxe4 30. Kf3 Rc4 31. Be1 Rxf4+ 32. Ke3 Bxe5 33. Rb3
Bd6 34. Bg3 Bxe7 35. Bxf4 Re8 36. Bg3 Nc5 37. Rb1 Bg5+ 38. Kd4 Be3+ 39. Kd5 b3
40. Kc6 Ne4 41. Be1 Rc8+ 42. Kxb5 0-1

[Event "Michigan Class D/E"]
[Site "Grand Rapids, MI"]
[Date "1998.??.??"]
[Round "?"]
[White "Paul, Dennis"]
[Black "Conlon, G."]
[Result "0-1"]
[WhiteElo "1605"]
[BlackElo "1605"]
[PlyCount "62"]
[EventDate "1998.01.??"]

1. e4 d5 2. e5 c5 3. c3 Bf5 4. d4 e6 5. Bd3 Bxd3 6. Qxd3 c4 7. Qc2 Nc6 8. Nf3
Nge7 9. Bg5 h6 10. Bh4 Qa5 11. O-O Nf5 12. g4 Nxh4 13. Nxh4 O-O-O 14. f4 Be7
15. Ng2 Qb6 16. Qf2 Rdf8 17. f5 f6 18. exf6 Bxf6 19. Rd1 e5 20. Ne3 Qd8 21. Ng2
h5 22. h3 hxg4 23. hxg4 exd4 24. Nf4 Qd6 25. Ng6 Be5 26. Nxf8 Qh6 27. Kf1 Qh1+
28. Ke2 d3+ 29. Kd2 Bf4+ 30. Qxf4 Qg2+ 31. Kc1 Qc2# 0-1

[Event "Michigan Open Reserve"]
[Site "Flint, MI"]
[Date "1998.??.??"]
[Round "?"]
[White "Paul, Dennis"]
[Black "Carpenter, T."]
[Result "1-0"]
[WhiteElo "1605"]
[BlackElo "1605"]
[PlyCount "85"]
[EventDate "1998.09.??"]

1. d4 d5 2. g3 Nc6 3. Bg2 Nf6 4. Nf3 Bf5 5. Bg5 Nb4 6. Na3 e6 7. c3 Nc6 8. Nh4
Bg4 9. f3 h6 10. Bxf6 Qxf6 11. O-O Bh5 12. g4 Bg6 13. Nxg6 Qxg6 14. b4 Bd6 15.
Nb5 a6 16. Nxd6+ cxd6 17. Qa4 O-O 18. b5 Ne7 19. bxa6 Rxa6 20. Qd7 Nc8 21. Qxb7
Rb6 22. Qc7 f6 23. a4 Qc2 24. Rfe1 e5 25. a5 Rb2 26. Bf1 exd4 27. a6 Nb6 28.
Qxd6 dxc3 29. a7 Rc8 30. a8=Q Nxa8 31. Rxa8 Rxa8 32. Qxd5+ Kh7 33. Qxa8 Rb1 34.
Kf2 Rxe1 35. Kxe1 Qc1+ 36. Kf2 Qd2 37. Qe4+ Kh8 38. Qe3 Qb2 39. Qd4 Qc1 40. e3
c2 41. Bd3 Qd2+ 42. Kg3 c1=Q 43. Qd8# 1-0

[Event "Michigan Amateur"]
[Site "Kalamazoo "]
[Date "1998.??.??"]
[Round "?"]
[White "Pash, S."]
[Black "McCrandell, James"]
[Result "0-1"]
[WhiteElo "1605"]
[BlackElo "1605"]
[PlyCount "92"]
[EventDate "1998.07.??"]

{7/19} 1. c4 e5 2. Nc3 Nf6 3. Nf3 Nc6 4. e4 Bc5 5. h3 d6 6. b3 Nd4 7. Rb1 a5 8.
Bd3 c6 9. O-O Be6 10. Na4 Ba7 11. Bb2 Qc7 12. Bxd4 exd4 13. Ng5 Bd7 14. f4 g6
15. Qe2 O-O 16. Rbe1 Rfe8 17. c5 dxc5 18. Bc4 Re7 19. d3 b5 20. Bxf7+ Rxf7 21.
Nxf7 Kxf7 22. Nb2 Nh5 23. Rf3 Kg8 24. e5 Be6 25. g4 Ng7 26. Rg3 Rf8 27. Qf2 Qd7
28. Qf3 Bb6 29. h4 Bd8 30. g5 Nf5 31. Rh3 Ne3 32. Rh2 Bg4 33. Qe4 Bh5 34. Rc1
Qg4+ 35. Rg2 Qxg2+ 36. Qxg2 Nxg2 37. Kxg2 Rxf4 38. Rxc5 Bf3+ 39. Kg3 Rf8 40.
Rxc6 Bxc6 41. Kg4 Bd7+ 42. Kg3 Bc7 43. a3 Bxe5+ 44. Kg2 Bc6+ 45. Kh3 Rf3+ 46.
Kg4 Rg3# 0-1

[Event "Michigan Amateur"]
[Site "Kalamazoo "]
[Date "1998.??.??"]
[Round "?"]
[White "Pash, S."]
[Black "Mandell, S."]
[Result "0-1"]
[WhiteElo "1605"]
[BlackElo "1605"]
[PlyCount "118"]
[EventDate "1998.07.??"]

{7/18} 1. c4 e5 2. e3 Bc5 3. Nc3 a6 4. Nf3 d6 5. Be2 Nc6 6. O-O Nf6 7. a3 e4 8.
Ne1 Be6 9. Rb1 Ne5 10. d4 exd3 11. Nxd3 Bxc4 12. Nxe5 Bxe2 13. Nxe2 dxe5 14.
Bd2 Ne4 15. Qa4+ Qd7 16. Qxe4 Qxd2 17. Qxe5+ Be7 18. Rfe1 Qd6 19. Qxg7 Qf6 20.
Qg4 Qg6 21. Qa4+ b5 22. Qd1 Rg8 23. g3 Qg4 24. Qd5 Rd8 25. Qc6+ Kf8 26. Qxa6
Qh5 27. Nf4 Rd6 28. Qc8+ Rd8 29. Qxc7 Qc5 30. Ne6+ fxe6 31. Qf4+ Qf5 32. Rbc1
Qxf4 33. exf4 Kf7 34. Re5 Rd5 35. Rc7 Rxe5 36. fxe5 Rd8 37. Kg2 Ke8 38. f4 Rd7
39. Rxd7 Kxd7 40. Kf3 h5 41. Ke4 Bc5 42. f5 exf5+ 43. Kxf5 Bg1 44. e6+ Ke7 45.
h4 Bf2 46. g4 hxg4 47. Kxg4 Bxh4 48. Kxh4 Kxe6 49. Kg4 Kd5 50. b4 Kc4 51. Kf4
Kb3 52. Ke3 Kxa3 53. Kd2 Kb2 54. Kd3 Kb3 55. Kd2 Kxb4 56. Kc2 Ka3 57. Kb1 b4
58. Kc2 Ka2 59. Kc1 b3 0-1

[Event "Michigan Amateur"]
[Site "Kalamazoo "]
[Date "1998.??.??"]
[Round "?"]
[White "Pascoe, Bramwell"]
[Black "Saylor, Oliver"]
[Result "0-1"]
[WhiteElo "1605"]
[BlackElo "1605"]
[PlyCount "84"]
[EventDate "1998.07.??"]

{7/18} 1. e4 e5 2. Nf3 Nc6 3. d4 f6 4. Nc3 Bb4 5. Bc4 d6 6. d5 Bxc3+ 7. bxc3
Nce7 8. O-O Bg4 9. Rb1 b6 10. Bb5+ Bd7 11. Nh4 Bxb5 12. Rxb5 Qd7 13. c4 Ng6 14.
Qh5 N8e7 15. a4 c6 16. dxc6 Qxc6 17. Nf5 O-O 18. Ba3 Nxf5 19. Qxf5 Nf4 20. g3
Ne2+ 21. Kh1 Nd4 22. Qh5 Nxb5 23. axb5 Qxe4+ 24. Kg1 Qxc4 25. Bxd6 Qxb5 26.
Bxf8 Rxf8 27. Rd1 a5 28. Qg4 Qc6 29. Rd7 Rf7 30. Rd8+ Rf8 31. Qd7 Qxd7 32. Rxd7
Ra8 33. Rb7 Ra6 34. Rd7 a4 35. Rd1 b5 36. Ra1 Rc6 37. Rc1 a3 38. f4 exf4 39. g4
a2 40. h4 b4 41. g5 fxg5 42. hxg5 b3 0-1

[Event "Kalamazoo Mini-Swiss.2"]
[Site "Kalamazoo, MI"]
[Date "1998.??.??"]
[Round "?"]
[White "Pascoe, Bramwell"]
[Black "Richards, K."]
[Result "1-0"]
[WhiteElo "1605"]
[BlackElo "1605"]
[PlyCount "79"]
[EventDate "1998.??.??"]

1. e4 e5 2. Nf3 Nc6 3. Bb5 Nd4 4. Nc3 a6 5. Ba4 b5 6. Bb3 Bb7 7. Nxe5 Nh6 8. d3
d6 9. Nf3 Nxb3 10. axb3 Ng4 11. h3 Ne5 12. O-O h6 13. Re1 g5 14. d4 g4 15. Nxe5
dxe5 16. dxe5 gxh3 17. Qxd8+ Rxd8 18. gxh3 Rg8+ 19. Kh2 Bc5 20. Be3 Bb4 21. Rg1
Rxg1 22. Rxg1 Kd7 23. Bxh6 Kc8 24. Bg5 Re8 25. Rd1 Be7 26. Bxe7 Rxe7 27. f4 b4
28. Nd5 Rd7 29. f5 c6 30. Nb6+ Kc7 31. Nxd7 Bc8 32. e6 fxe6 33. fxe6 Bxd7 34.
Rxd7+ Kc8 35. Rd2 Kc7 36. e7 Kb6 37. e8=Q a5 38. Rd6 a4 39. Qxc6+ Ka5 40. Rd5#
1-0

[Event "Michigan Amateur"]
[Site "Kalamazoo "]
[Date "1998.??.??"]
[Round "?"]
[White "Pascoe, Bramwell"]
[Black "Poniatowski, Don"]
[Result "1/2-1/2"]
[WhiteElo "1605"]
[BlackElo "1605"]
[PlyCount "105"]
[EventDate "1998.07.??"]

{7/19} 1. e4 Nf6 2. Nc3 d5 3. d3 d4 4. Nce2 e5 5. Nf3 Nc6 6. c4 a5 7. g3 Be7 8.
Bg2 h6 9. O-O O-O 10. Bd2 Be6 11. a3 Qd7 12. Rb1 Bh3 13. Bxh3 Qxh3 14. b4 axb4
15. axb4 Qd7 16. b5 Nd8 17. Nxe5 Qe6 18. Bf4 Nh5 19. Nxd4 Qb6 20. Nd7 Qxd4 21.
Nxf8 Nxf4 22. gxf4 Kxf8 23. Kh1 Ne6 24. f5 Nf4 25. Rb3 Rd8 26. Qc2 Bc5 27. Qb2
Qxb2 28. Rxb2 Rxd3 29. Rbb1 Rc3 30. Rbc1 Rxc1 31. Rxc1 Bxf2 32. Rd1 Ke7 33. Rf1
Be3 34. Rb1 g6 35. Rb3 Bc1 36. b6 c6 37. Rb1 Be3 38. h4 gxf5 39. exf5 Kf6 40.
Kh2 Nh5 41. Rb3 Bf4+ 42. Kg2 Kxf5 43. Rd3 Ke6 44. Kf3 Bd6 45. Re3+ Kf5 46. Re8
Nf6 47. Ra8 Nd7 48. Ra7 Nxb6 49. Rxb7 Nxc4 50. Rxf7+ Kg6 51. Ra7 Kf5 52. Rf7+
Kg6 53. Ra7 1/2-1/2

[Event "Michigan Amateur"]
[Site "Kalamazoo "]
[Date "1998.??.??"]
[Round "?"]
[White "Pascoe, Bramwell"]
[Black "Jacobs, Ron"]
[Result "0-1"]
[WhiteElo "1605"]
[BlackElo "1605"]
[PlyCount "60"]
[EventDate "1998.07.??"]

{7/18} 1. e4 c5 2. Nf3 d6 3. Nc3 Nc6 4. Bc4 e6 5. d4 cxd4 6. Nxd4 Nge7 7. O-O
g6 8. Bg5 Bg7 9. Nxc6 bxc6 10. Bf4 d5 11. exd5 cxd5 12. Bb5+ Bd7 13. Rb1 O-O
14. Bd6 Bxc3 15. Bxe7 Qxe7 16. Bxd7 Bg7 17. Ba4 Rfd8 18. g3 Rd6 19. b3 a6 20.
Qe2 Rad8 21. Rbd1 Qb7 22. Qf3 Qc8 23. Rd3 Qxc2 24. Ra1 Bxa1 25. Qd1 Qxd1+ 26.
Rxd1 Bg7 27. b4 d4 28. b5 axb5 29. Bxb5 d3 30. a4 Bc3 0-1

[Event "Michigan Open Reserve"]
[Site "Flint, MI"]
[Date "1998.??.??"]
[Round "?"]
[White "Pascoe, Bramwell"]
[Black "Houser, Rick"]
[Result "1-0"]
[WhiteElo "1605"]
[BlackElo "1605"]
[PlyCount "117"]
[EventDate "1998.09.??"]

1. e4 e5 2. Nf3 Nc6 3. Bb5 Nge7 4. d4 exd4 5. Nxd4 Nxd4 6. Qxd4 c6 7. Ba4 d5 8.
O-O dxe4 9. Qxd8+ Kxd8 10. Nc3 Bf5 11. Bf4 a6 12. Rad1+ Ke8 13. Rfe1 Rd8 14.
Rxd8+ Kxd8 15. Nxe4 Bxe4 16. Rxe4 f5 17. Re1 Nd5 18. Rd1 b5 19. Bb3 Be7 20.
Bxd5 cxd5 21. Rxd5+ Ke8 22. Rxf5 Rf8 23. Rxf8+ Kxf8 24. Kf1 a5 25. Ke2 a4 26.
Kd3 Bf6 27. c3 Ke7 28. g3 g5 29. Be3 h6 30. Bd4 Bxd4 31. Kxd4 Kd6 32. h4 g4 33.
b4 axb3 34. axb3 h5 35. c4 bxc4 36. Kxc4 Kc6 37. b4 Kb6 38. b5 Kb7 39. Kc5 Kc7
40. b6+ Kb7 41. Kd5 Kxb6 42. Ke5 Kc5 43. Kf5 Kd5 44. Kg5 Ke5 45. Kxh5 Kf5 46.
Kh6 Kf6 47. h5 Kf5 48. Kg7 Kg5 49. h6 Kf5 50. h7 Ke4 51. h8=Q Kf3 52. Kg6 Kxf2
53. Qh4 Kg2 54. Qxg4 Kh2 55. Qe2+ Kh3 56. Kf5 Kxg3 57. Qe4 Kh3 58. Qg4+ Kh2 59.
Kf4 1-0

[Event "Michigan Open Reserve"]
[Site "Flint, MI"]
[Date "1998.??.??"]
[Round "?"]
[White "Pascoe, Bramwell"]
[Black "Crist, Kevin"]
[Result "0-1"]
[WhiteElo "1605"]
[BlackElo "1605"]
[PlyCount "66"]
[EventDate "1998.09.??"]

1. e4 g6 2. d4 Bg7 3. Nf3 d6 4. Bf4 Bg4 5. Be2 Nd7 6. Nc3 Bxf3 7. Bxf3 c5 8. d5
Qb6 9. Rb1 Ne5 10. O-O Qc7 11. Nb5 Qd7 12. c4 Nxc4 13. Qa4 Ne5 14. Nc7+ Kd8 15.
Qxd7+ Kxd7 16. Nxa8 Nd3 17. g3 e6 18. b3 Ne7 19. dxe6+ fxe6 20. Bg5 Rxa8 21. e5
Nxe5 22. Bxb7 Rf8 23. b4 c4 24. b5 d5 25. b6 axb6 26. Rxb6 Nf3+ 27. Kg2 Nxg5
28. Re1 Bd4 29. Bc6+ Nxc6 30. Rbb1 Rxf2+ 31. Kh1 Rxa2 32. Rf1 Ne5 33. Ra1 Bxa1
0-1